| 000 | 01649 a2200217 4500 | ||
|---|---|---|---|
| 001 | 32801 | ||
| 005 | 20260407155624.0 | ||
| 008 | 260407a1967 arg spa d | ||
| 003 | AR-UNSa-BCEJYS | ||
| 040 |
_aAR-UNSa-BCEJYS _bspa _cAR-UNSa-BCEJYS |
||
| 080 |
_a658.011.56 _xAutomatización |
||
| 245 | 1 | 0 | _aAdministración automatizada de empresas |
| 264 | 1 |
_aBarcelona : _bReverté _c1967 |
|
| 300 |
_a644 p. _c22 cm. |
||
| 505 | _a1. La administración de empresas - 2. Principios y elementos constitutivos de las máquinas de trajetas perforadas - 3. Operaciones y marteriales para la creción de un fichero - 4. Operaciones preliminares para la creación de tarjetas - 5. Empleo de las tarjetas perforadas - 6. La clasificadora - 7. La tabuladora - 8. Materiales de puesta al dia y preparación de los ficheros de trabajo - 9. Materiales de cálculo - 10. Conjunto electrónicos - 11. Los documentos y los impresos - 12. Aplicación de las tarjetas perforadas en la administración de empresas - 13. Automatización por los otros sistemas - 14. Adopción de un sistema automático - 15. Los trabajos por cuenta ajena en máquina de tarjetas perforadas - 17. Implantación - Locales - Corriente - 18. El personal - 19. Estructura y ambiente - 20. Preparación y ejcución de los trabajos - 21. Programación de las máquinas mediante conexiones - 22. Programación de los conjuntos electrónicos - 23. Incidentes y accidentes - 24. Control de trabajo - 25. Precios de coste y rentabilidad. | ||
| 942 | _cBK | ||
| 590 | _aniveau_biblio:m niveau_hierar:0 | ||
| 100 | 1 | _aLhoste, G. | |
| 700 | 1 | _aPèpe, P. | |
| 700 | 1 | _aVillamor Salazar, Enrique | |
| 999 |
_c2302 _d2302 |
||